| 000 | 00817nam a2200265 i 4500 | ||
|---|---|---|---|
| 001 | bg | ||
| 100 | 1 | _aLIBER-MADZIARZ, Elżbieta | |
| 245 | 1 | 0 |
_aMineralogia i petrografia / _cElżbieta Liber-Madziarz, Barbara Teisseyre. |
| 250 | _aWyd. 2 popr. | ||
| 260 |
_aWrocław : _bOficyna Wydawnicza Politechniki Wrocławskiej, _c2002. |
||
| 300 |
_a195 s. : _bil. ; _c24 cm. |
||
| 504 | _aBibliogr. Indeks. | ||
| 650 | 9 | _aMineralogia | |
| 650 | 9 | _aPetrografia | |
| 655 | _aPodręczniki akademickie | ||
| 700 | 1 | _aTEISSEYRE, Barbara | |
| 020 | _a8370856063 | ||
| 040 | _cBPK | ||
| 041 | 0 | _apl | |
| 080 | _a549:552](075.8) | ||
| 920 | _a83-7085-606-3 | ||
| 942 | _cKS | ||
| 008 | s pl f |000 0 pol | ||
| 999 |
_c41502 _d41502 |
||
| 856 |
_uhttp://koha.tu.koszalin.pl/cgi-bin/koha/opac-detail.pl?biblionumber=41502 _yKatalog online BPK |
||